Simposio internazionale sul barroco latinoamericano.
সংরক্ষণ করুন:
| বিন্যাস: | অজ্ঞাত |
|---|---|
| ভাষা: | Spanish |
| প্রকাশিত: |
Roma :
[editor no identificado],
1980.
|
| বিষয়গুলি: | |
| ট্যাগগুলো: |
ট্যাগ যুক্ত করুন
কোনো ট্যাগ নেই, প্রথমজন হিসাবে ট্যাগ করুন!
|
MARC
| LEADER | 000000000a22000000004500 | ||
|---|---|---|---|
| 001 | 006139 | ||
| 041 | 0 | |a spa | |
| 082 | 0 | 4 | |a 709.819 |b S612s |
| 245 | 0 | 0 | |a Simposio internazionale sul barroco latinoamericano. |
| 260 | 1 | |a Roma : |b [editor no identificado], |c 1980. | |
| 300 | |a 507 páginas ; |c 28 cm. | ||
| 650 | 4 | |a ARTE BARROCO | |
| 650 | 4 | |a AMERICA LATINA | |
| 650 | 4 | |a CONGRESOS | |
| 650 | 4 | |a ARTE COLONIAL | |
| 999 | |c 11854 |d 11854 | ||
| 942 | |c BK |h 709.819 S612s |2 z | ||
